000 00586nam a2200241Ia 4500
003 OSt
005 20220918213618.0
006 a|||||r|||| 00| 0
007 ta
008 220917b |||||||| |||| 00| 0 eng d
024 _a133,545
037 _cTextual
040 _aARTS
_cARTS
_beng
041 _2eng
_aeng
082 _aX:82:(S:7:6), L3
100 _aFear Richard A
_9127740
245 0 _aEvaluation interview
250 _a2nd
260 _c1973
650 _aECONOMICS
942 _hX:82:(S:7:6), L3
_cTEXL
_2CC
999 _c256653
_d256653